000 00512cam a2200181 4500500
005 20260329003211.0
041 _afre
042 _adc
100 1 0 _aN’Diaye, Aïda
_eauthor
245 0 0 _aLa Joie
260 _c2015.
500 _a71
690 _aCharles Pépin
690 _aJoie
690 _aSpinoza
786 0 _nPhilosophie magazine | 86 | 2 | 2015-02-01 | p. 67-67 | 1951-1787
856 4 1 _uhttps://shs.cairn.info/magazine-philosophie-magazine-2015-2-page-67?lang=fr&redirect-ssocas=7080
999 _c1822317
_d1822317